| 000 -LEADER |
| fixed length control field |
02517cam a22004094a 4500 |
| 001 - CONTROL NUMBER |
| control field |
15660623 |
| 003 - CONTROL NUMBER IDENTIFIER |
| control field |
Nust |
| 005 - DATE AND TIME OF LATEST TRANSACTION |
| control field |
20170329131716.0 |
| 008 - FIXED-LENGTH DATA ELEMENTS--GENERAL INFORMATION |
| fixed length control field |
090313s2009 dcuab b 000 0 eng d |
| 010 ## - LIBRARY OF CONGRESS CONTROL NUMBER |
| LC control number |
2009924737 |
| 020 ## - INTERNATIONAL STANDARD BOOK NUMBER |
| International Standard Book Number |
9780309130578 (pbk.) |
| 020 ## - INTERNATIONAL STANDARD BOOK NUMBER |
| International Standard Book Number |
0309130573 (pbk.) |
| 035 ## - SYSTEM CONTROL NUMBER |
| System control number |
(OCoLC)ocn310392632 |
| 040 ## - CATALOGING SOURCE |
| Original cataloging agency |
YDXCP |
| Transcribing agency |
YDXCP |
| Modifying agency |
BTCTA |
| -- |
MDT |
| -- |
CDX |
| -- |
IAY |
| -- |
BWX |
| -- |
UBY |
| -- |
OBE |
| -- |
AGX |
| -- |
DLC |
| 042 ## - AUTHENTICATION CODE |
| Authentication code |
lccopycat |
| 043 ## - GEOGRAPHIC AREA CODE |
| Geographic area code |
n-us--- |
| 050 00 - LIBRARY OF CONGRESS CALL NUMBER |
| Classification number |
GB1399.3 |
| Item number |
.M37 2009 |
| 082 ## - DEWEY DECIMAL CLASSIFICATION NUMBER |
| Classification number |
363.3493 MAP |
| 245 00 - TITLE STATEMENT |
| Title |
Mapping the zone : |
| Remainder of title |
improving flood map accuracy / |
| Statement of responsibility, etc. |
Committee on FEMA Flood Maps, Board on Earth Sciences and Resources/Mapping Science Committee, Water Science and Technology Board, National Research Council of the National Academies. |
| 260 ## - PUBLICATION, DISTRIBUTION, ETC. |
| Place of publication, distribution, etc. |
Washington, D.C. : |
| Name of publisher, distributor, etc. |
National Academies Press, |
| Date of publication, distribution, etc. |
c2009. |
| 300 ## - PHYSICAL DESCRIPTION |
| Extent |
xiv, 122 p. : |
| Other physical details |
ill. (chiefly col.), maps (chiefly col.) ; |
| Dimensions |
28 cm. |
| 500 ## - GENERAL NOTE |
| General note |
The full text can be viewed online and the summary can be downloaded for free. |
| 500 ## - GENERAL NOTE |
| General note |
"This study was requested by managers of FEMA's Risk Analysis Division and the National Oceanic and Atmospheric Administration's (NOAA's) Coastal Services Center, supported by NOAA's National Weather Service, National Geodetic Survey, and Coast Survey Development Laboratory."--P. ix. |
| 504 ## - BIBLIOGRAPHY, ETC. NOTE |
| Bibliography, etc. note |
Includes bibliographical references (p. 101-104). |
| 505 0# - FORMATTED CONTENTS NOTE |
| Formatted contents note |
Introduction -- Flood mapping and flood insurance -- Elevation and height data -- Inland flooding -- Coastal flooding -- Benefits and costs of accurate flood mapping -- Mapping and risk communication : moving to the future. |
| 650 #0 - SUBJECT ADDED ENTRY--TOPICAL TERM |
| Topical term or geographic name entry element |
Flood forecasting |
| Geographic subdivision |
United States |
| Form subdivision |
Maps. |
| 650 #0 - SUBJECT ADDED ENTRY--TOPICAL TERM |
| Topical term or geographic name entry element |
Floods |
| Geographic subdivision |
United States |
| Form subdivision |
Maps. |
| 650 #0 - SUBJECT ADDED ENTRY--TOPICAL TERM |
| Topical term or geographic name entry element |
Floodplain management |
| Geographic subdivision |
United States. |
| 650 #0 - SUBJECT ADDED ENTRY--TOPICAL TERM |
| Topical term or geographic name entry element |
Aerial photography in watershed management |
| Geographic subdivision |
United States. |
| 650 #0 - SUBJECT ADDED ENTRY--TOPICAL TERM |
| Topical term or geographic name entry element |
Floodplains |
| General subdivision |
Monitoring |
| Geographic subdivision |
United States |
| Form subdivision |
Maps. |
| 710 2# - ADDED ENTRY--CORPORATE NAME |
| Corporate name or jurisdiction name as entry element |
National Research Council (U.S.). |
| Subordinate unit |
Committee on FEMA Flood Maps. |
| 710 2# - ADDED ENTRY--CORPORATE NAME |
| Corporate name or jurisdiction name as entry element |
National Research Council (U.S.). |
| Subordinate unit |
Mapping Science Committee. |
| 710 2# - ADDED ENTRY--CORPORATE NAME |
| Corporate name or jurisdiction name as entry element |
National Research Council (U.S.). |
| Subordinate unit |
Water Science and Technology Board. |
| 710 1# - ADDED ENTRY--CORPORATE NAME |
| Corporate name or jurisdiction name as entry element |
United States. |
| Subordinate unit |
Federal Emergency Management Agency. |
| 710 1# - ADDED ENTRY--CORPORATE NAME |
| Corporate name or jurisdiction name as entry element |
United States. |
| Subordinate unit |
National Oceanic and Atmospheric Administration. |
| 856 41 - ELECTRONIC LOCATION AND ACCESS |
| Uniform Resource Identifier |
<a href="http://www.nap.edu/catalog.php?record_id=12573">http://www.nap.edu/catalog.php?record_id=12573</a> |
| Public note |
Online version in Open Book format |
| 906 ## - LOCAL DATA ELEMENT F, LDF (RLIN) |
| a |
7 |
| b |
cbc |
| c |
copycat |
| d |
2 |
| e |
ncip |
| f |
20 |
| g |
y-gencatlg |
| 942 ## - ADDED ENTRY ELEMENTS (KOHA) |
| Source of classification or shelving scheme |
|
| Koha item type |
Book |